Návrh lávky pre peších s atypickým tvarom

Saved in:
Bibliographic Details
Main Author: Zábojníková, Barbora (Author)
Other Authors: Brodniansky, Ján (Thesis advisor)
Format: Manuscript Book
Language:Slovak
Published: 2018
Subjects:
Online Access:http://is.stuba.sk/zp/portal_zp.pl?podrobnosti=138391
https://opac.crzp.sk/?fn=detailBiblioForm&sid=7748F8ABF7A423EAE576DB3BD0B0
Tags: Add Tag
No Tags, Be the first to tag this record!

MARC

LEADER 00000ntm a22000003a 4500
001 stuzp68225
003 SK-STU
005 20230720133502.8
007 ta
008 150427s2015----xo-----f-mn---000-0-slo-d
040 |a STU  |b slo 
041 0 |a slo 
100 1 |a Zábojníková, Barbora  |u 010190  |4 aut  |U SvF Stavebná fakulta  |T SvF Katedra kovových a drevených konštrukcií  |X 63371  |U V190  |Y 21  |7 63371 
242 0 1 |a Design of footbridge this with atypical designs  |y eng 
245 1 0 |a Návrh lávky pre peších s atypickým tvarom 
260 |c 2018 
650 4 |a lávka  |2 slo 
650 4 |a atypický tvar  |2 slo 
650 4 |a RFEM Dlubal  |2 slo 
650 4 |a footbridge  |2 eng 
650 4 |a atypical designs  |2 eng 
650 4 |a RFEM Dlubaô  |2 eng 
700 1 |a Brodniansky, Ján  |u 010190  |k Z2  |4 ths  |U SvF Stavebná fakulta  |T SvF Katedra kovových a drevených konštrukcií  |X 49133  |U V190  |Y 21  |7 A000049133 
856 4 |u http://is.stuba.sk/zp/portal_zp.pl?podrobnosti=138391 
856 4 |u https://opac.crzp.sk/?fn=detailBiblioForm&sid=7748F8ABF7A423EAE576DB3BD0B0